[Event "Balatonalmadi Pannonia Cup 13th"]
[Site "Balatonalmadi"]
[Date "2008.08.02"]
[Round "6"]
[White "Szelenyi, Norbert"]
[Black "Kimpinsky, Frank"]
[Result "1-0"]
[WhiteElo "2373"]
[BlackElo "2242"]
[PlyCount "89"]
[EventDate "2008.07.30"]
[EventType "swiss"]
[EventRounds "7"]
[EventCountry "HUN"]
[SourceTitle "CBM 125 Extra"]
[Source "ChessBase"]
[SourceDate "2008.09.01"]
[SourceVersion "1"]
[SourceVersionDate "2008.09.01"]
[SourceQuality "1"]

1. Nf3 Nf6 2. g3 g6 3. Bg2 Bg7 4. 0-0 d6 5. d4 0-0 6. c4 a6 7. Nc3 Nc6 8. d5 Na5 9. Nd2 Nd7 10. Qc2 Ne5 11. b3 c6 12. Bb2 b5 13. dxc6 Naxc6 14. cxb5 axb5 15. Nxb5 Nb4 16. Qb1 Bf5 17. Be4 Bxe4 18. Nxe4 Qd7 19. Nd4 d5 20. Nd2 Rfc8 21. a3 Nbc6 22. N4f3 d4 23. b4 Nxf3+ 24. Nxf3 Qd5 25. Rd1 f5 26. Rc1 Qb5 27. Qa2+ Kh8 28. Qc4 Na7 29. Qe6 Rc3 30. Nxd4 Rxc1+ 31. Rxc1 Qb7 32. Ba1 Nc8 33. Nf3 Nd6 34. Bxg7+ Kxg7 35. Rc3 Ra6 36. Ng5 h6 37. Qe5+ Kg8 38. Ne6 Ne8 39. Nc5 Qb5 40. a4 Qxb4 41. Nxa6 Qb1+ 42. Kg2 Qb7+ 43. f3 Qxa6 44. Qxe7 Qxa4 45. Rc8 1-0

[Event "Oberliga Nord O 0405"]
[Site "Germany"]
[Date "2005.04.10"]
[Round "9.6"]
[White "Kimpinsky, Frank"]
[Black "Rohde, Wolfgang"]
[Result "1/2-1/2"]
[WhiteElo "2210"]
[BlackElo "2201"]
[PlyCount "155"]
[EventDate "2004.10.24"]
[EventType "team-tourn"]
[EventRounds "9"]
[EventCountry "GER"]
[SourceTitle "EXT 2006"]
[Source "ChessBase"]
[SourceDate "2005.11.24"]
[SourceVersion "1"]
[SourceVersionDate "2005.11.24"]
[SourceQuality "1"]
[WhiteTeam "Berlin Empor"]
[BlackTeam "Friesen Lichtenberg"]
[WhiteTeamCountry "GER"]
[BlackTeamCountry "GER"]

1. e4 c5 2. Nf3 e6 3. Be2 Nc6 4. 0-0 Nf6 5. Nc3 d5 6. exd5 Nxd5 7. Bb5 Be7 8. Ne5 Bd7 9. Bxc6 Bxc6 10. Nxc6 bxc6 11. Ne4 0-0 12. d3 Rb8 13. Nd2 Bf6 14. Nb3 Qd6 15. Re1 Rfd8 16. a3 Nb6 17. Qg4 Qd5 18. Na5 Rbc8 19. h4 h5 20. Qe4 c4 21. Nxc4 Nxc4 22. Qxc4 Qxc4 23. dxc4 Rd4 24. g3 Rxc4 25. c3 Rb8 26. Re2 a5 27. Bf4 Rb5 28. a4 Rd5 29. Bc7 Kh7 30. Kg2 Kg6 31. Rc2 Kf5 32. f3 Be7 33. b3 Rcc5 34. Bb6 Rd3 35. Bxc5 Bxc5 36. b4 Bb6 37. Re1 e5 38. Re4 Ke6 39. Ree2 f5 40. Red2 Re3 41. Rd1 e4 42. f4 Bc7 43. Rd4 Bb6 44. Rd1 Bc7 45. Rb1 Kd5 46. c4+ Kd4 47. bxa5 Bxa5 48. Rb7 Ra3 49. Rd7+ Ke3 50. Rxg7 Kd3 51. Rf2 Bc3 52. Rc7 Bd4 53. Rf1 Ra2+ 54. Kh3 c5 55. Rf7 e3 56. Rxf5 e2 57. Re1 Ke4 58. Rxh5 Kf3 59. Rd5 Kf2 60. Rxe2+ Rxe2 61. Kg4 Re3 62. Rd7 Rxg3+ 63. Kf5 Rh3 64. Ke6 Rxh4 65. f5 Be3 66. Rg7 Rxc4 67. Ra7 Re4+ 68. Kd5 Rf4 69. Ke6 Bd4 70. Rc7 Ke3 71. a5 Kd3 72. a6 Rf1 73. a7 Ra1 74. f6 c4 75. f7 Bg7 76. Kd7 c3 77. Kc8 c2 78. Kb7 1/2-1/2

[Event "Oberliga Nord O 0405"]
[Site "Germany"]
[Date "2005.01.16"]
[Round "5.7"]
[White "Schulz, Stefanie"]
[Black "Kimpinsky, Frank"]
[Result "0-1"]
[WhiteElo "2069"]
[BlackElo "2210"]
[PlyCount "100"]
[EventDate "2004.10.24"]
[EventType "team-tourn"]
[EventRounds "9"]
[EventCountry "GER"]
[SourceTitle "EXT 2006"]
[Source "ChessBase"]
[SourceDate "2005.11.24"]
[SourceVersion "1"]
[SourceVersionDate "2005.11.24"]
[SourceQuality "1"]
[WhiteTeam "Koenig Tegel II"]
[BlackTeam "Berlin Empor"]
[WhiteTeamCountry "GER"]
[BlackTeamCountry "GER"]

1. e4 c5 2. d3 Nc6 3. g3 g6 4. Bg2 Bg7 5. f4 d6 6. Nf3 Nf6 7. 0-0 0-0 8. c3 b5 9. e5 Nd5 10. d4 Qb6 11. Kh1 e6 12. dxc5 Qxc5 13. exd6 Rd8 14. Ng5 Qxd6 15. Ne4 Qc7 16. Qe2 Qb6 17. Rd1 Ba6 18. Bf1 Na5 19. b3 f5 20. Ng5 Nxc3 21. Nxc3 Bxc3 22. Be3 Bb7+ 23. Kg1 Qc6 24. Bg2 Qxg2+ 25. Qxg2 Bxg2 26. Kxg2 Bxa1 27. Rxa1 Rac8 28. Rf1 Nc6 29. Rf2 Rd3 30. Bd2 e5 31. fxe5 Nxe5 32. Bf4 Nf7 33. Ne6 Rdc3 34. Nd4 a6 35. Bd2 Rd3 36. Nf3 Re8 37. Bf4 Rc8 38. Ne1 Rd1 39. Nc2 Nd6 40. Re2 Ne4 41. Nb4 a5 42. Nc2 Nc3 43. Re7 Nd5 44. Re2 Kf7 45. Bg5 Re8 46. Rf2 Nc3 47. Na3 Ne4 48. Nxb5 Nxg5 49. Rc2 Red8 50. Rc7+ R8d7 0-1

[Event "Oberliga Nord O 0304"]
[Site "Germany"]
[Date "2003.11.02"]
[Round "2.8"]
[White "Kimpinsky, Frank"]
[Black "Dimitrijeski, Kristian"]
[Result "1/2-1/2"]
[WhiteElo "2223"]
[BlackElo "2141"]
[PlyCount "115"]
[EventDate "2003.10.12"]
[EventType "team-tourn"]
[EventRounds "9"]
[EventCountry "GER"]
[SourceTitle "EXT 2005"]
[Source "ChessBase"]
[SourceDate "2004.11.15"]
[SourceVersion "1"]
[SourceVersionDate "2004.11.15"]
[SourceQuality "1"]
[WhiteTeam "Berlin Empor"]
[BlackTeam "Neukoelln II"]
[WhiteTeamCountry "GER"]
[BlackTeamCountry "GER"]

1. e4 c6 2. d4 d5 3. Nc3 dxe4 4. Nxe4 Nd7 5. Nf3 Ngf6 6. Ng3 e6 7. Bd3 Bd6 8. 0-0 Qc7 9. Qe2 0-0 10. Ne4 Bf4 11. c3 Bxc1 12. Raxc1 b6 13. Ng3 Bb7 14. Ne5 c5 15. Nxd7 Qxd7 16. dxc5 Qd5 17. f3 Rad8 18. Rfd1 Qxc5+ 19. Qf2 Qxf2+ 20. Kxf2 g6 21. c4 Rd7 22. b4 Rfd8 23. Be2 Kf8 24. Rxd7 Rxd7 25. Nf1 Ke7 26. Ke3 b5 27. a3 bxc4 28. Bxc4 Rc7 29. Kd2 Rd7+ 30. Ke1 Rc7 31. Kd1 Rd7+ 32. Nd2 Bd5 33. Bb5 Rb7 34. Ba6 Rd7 35. Bb5 Rb7 36. Ba6 Rd7 37. Bc8 Rd8 38. Rc7+ Kd6 39. Rxf7 Rxc8 40. Rxf6 Ke7 41. Rf4 Rc3 42. a4 e5 43. Rh4 h5 44. Ke2 a6 45. g4 Bc4+ 46. Kd1 hxg4 47. Nxc4 Rxc4 48. Rxg4 Rc6 49. Kd2 Kf6 50. h4 Kf5 51. Kd3 Rc1 52. b5 axb5 53. axb5 Rf1 54. Rg5+ Kf6 55. Rg3 Rh1 56. Rg4 Rf1 57. b6 Rb1 58. f4 1/2-1/2

[Event "Oberliga Nord O 0203"]
[Site "Germany"]
[Date "2003.02.23"]
[Round "7.7"]
[White "Kimpinsky, Frank"]
[Black "Pueschel, Werner"]
[Result "1/2-1/2"]
[WhiteElo "2229"]
[BlackElo "2198"]
[PlyCount "147"]
[EventDate "2002.10.20"]
[EventType "team"]
[EventRounds "9"]
[EventCountry "GER"]
[SourceTitle "EXT 2009"]
[Source "ChessBase"]
[SourceDate "2008.11.26"]
[SourceVersion "1"]
[SourceVersionDate "2008.11.26"]
[SourceQuality "1"]
[WhiteTeam "Berlin Empor"]
[BlackTeam "Schwedt "]
[WhiteTeamCountry "GER"]
[BlackTeamCountry "GER"]

1. e4 c5 2. c3 b6 3. d4 Bb7 4. Nd2 e6 5. Ngf3 Be7 6. Bd3 d6 7. a3 Nd7 8. b4 Ngf6 9. 0-0 Qc7 10. c4 cxd4 11. Nxd4 Ne5 12. Bc2 0-0 13. Qe2 Rfc8 14. Nb5 Qc6 15. Nd4 Qc7 16. Nb5 Qb8 17. f4 Nc6 18. Bb2 e5 19. fxe5 dxe5 20. Nf3 a5 21. bxa5 Rxa5 22. Kh1 Re8 23. Nd2 Ra8 24. Rf5 g6 25. Rf3 Nh5 26. Qf1 Rf8 27. Rd1 Bc8 28. Rf2 Bc5 29. Re2 Be6 30. Ree1 Rd8 31. Nf3 f6 32. Rxd8+ Qxd8 33. Rd1 Qe7 34. Ra1 Rd8 35. Bc3 Bf7 36. Nd2 Nf4 37. Nb3 Ne6 38. a4 Kg7 39. a5 bxa5 40. Nxa5 Nxa5 41. Rxa5 Bb6 42. Ra2 Qc5 43. Be1 Ng5 44. Ra4 Qe3 45. Nc3 Qc1 46. Qe2 Ne6 47. Na2 Qb2 48. Bc3 Nd4 49. Bxb2 Nxe2 50. Rb4 Bc5 51. Rb7 Rd2 52. Ba4 Kh6 53. Nc3 Bd4 54. Nxe2 Rxe2 55. Bxd4 exd4 56. Kg1 Bxc4 57. Rb4 Re1+ 58. Kf2 Rf1+ 59. Kg3 Rc1 60. Bb5 Rc3+ 61. Kf4 Be6 62. h4 Kh5 63. e5 fxe5+ 64. Kxe5 Bg4 65. Kxd4 Rg3 66. Bc6 Kxh4 67. Be4 Ra3 68. Rb7 Ra4+ 69. Ke3 Ra3+ 70. Kd4 Kg3 71. Rxh7 g5 72. Rg7 Ra5 73. Bd5 Kf4 74. g3+ 1/2-1/2

[Event "BL2-Nord 9900"]
[Site "Germany"]
[Date "2000.02.20"]
[Round "6.7"]
[White "Kimpinsky, Frank"]
[Black "Rosmann, Ilja"]
[Result "0-1"]
[WhiteElo "2250"]
[BlackElo "2180"]
[PlyCount "90"]
[EventDate "1999.10.10"]
[EventType "team-tourn"]
[EventRounds "9"]
[EventCountry "GER"]
[SourceTitle "CBM 074 Extra"]
[Source "ChessBase"]
[SourceDate "2000.03.10"]
[SourceVersion "2"]
[SourceVersionDate "2000.03.10"]
[SourceQuality "1"]
[WhiteTeam "Berlin Empor"]
[BlackTeam "Isernhagen"]
[WhiteTeamCountry "GER"]
[BlackTeamCountry "GER"]

1. e4 c5 2. Nc3 e6 3. Nge2 a6 4. g3 Qc7 5. a4 b6 6. Bg2 Bb7 7. 0-0 Nf6 8. d3 d6 9. h3 Be7 10. Be3 Nbd7 11. Qd2 0-0 12. Nf4 Bc6 13. g4 Ne8 14. Nh5 g6 15. Ng3 Ng7 16. f4 Bh4 17. Nge2 f5 18. g5 b5 19. Kh1 b4 20. Nd1 Qb7 21. Bf2 Bxf2 22. Nxf2 Rae8 23. Ng3 e5 24. Nd1 exf4 25. Rxf4 Ne6 26. Rf1 f4 27. Ne2 d5 28. Kg1 dxe4 29. dxe4 Ne5 30. Nxf4 Nxg5 31. Ne3 Nxe4 32. Qe1 Ng5 33. Qg3 Nef3+ 34. Kh1 Rxe3 35. h4 Ne4 36. Qg4 Bd7 37. Ne6 Rf6 38. Bxf3 Bxe6 39. Qg2 Bd5 40. Rad1 Rexf3 41. Rxf3 Ng3+ 42. Kh2 Bxf3 43. Rd8+ Kg7 44. Qxg3 Qe7 45. Rc8 Qe2+ 0-1

[Event "Oberliga Nord O 9899"]
[Site "Germany"]
[Date "1999.??.??"]
[Round "?"]
[White "Kimpinsky, Frank"]
[Black "Grottke, Hans Joachim"]
[Result "1-0"]
[WhiteElo "2255"]
[BlackElo "2255"]
[PlyCount "137"]
[EventDate "1998.10.??"]
[EventType "team"]
[EventRounds "9"]
[EventCountry "GER"]
[SourceTitle "EXT 2000"]
[Source "ChessBase"]
[SourceDate "1999.11.16"]
[SourceVersion "1"]
[SourceVersionDate "1999.11.16"]
[SourceQuality "1"]

1. e4 e6 2. d4 d5 3. e5 c5 4. c3 Nc6 5. Nf3 Qb6 6. a3 Bd7 7. Be2 cxd4 8. cxd4 Nge7 9. Nc3 Nf5 10. Na4 Qd8 11. Bg5 Be7 12. Bxe7 Qxe7 13. Rc1 0-0 14. Nc5 Be8 15. b4 a6 16. Qd2 Na7 17. 0-0 Bb5 18. Bxb5 Nxb5 19. a4 Na3 20. a5 Nc4 21. Qd3 Rfb8 22. Nd2 b5 23. axb6 Nxd2 24. Qxd2 Rxb6 25. Ra1 h5 26. Ra4 Qe8 27. Ra5 Rab8 28. Nxa6 Rxa6 29. Rxa6 Qb5 30. Rfa1 Qxb4 31. Qxb4 Rxb4 32. R6a4 Rxd4 33. Rxd4 Nxd4 34. f3 g6 35. Kf2 Kg7 36. Ra4 Nc6 37. f4 Nd8 38. Ra7 Nc6 39. Rc7 Nd4 40. g3 Nb5 41. Rb7 Nc3 42. Rd7 Ne4+ 43. Kg2 Kf8 44. h3 Ke8 45. Ra7 Kf8 46. Ra2 Kg7 47. Kf3 Kf8 48. g4 hxg4+ 49. hxg4 Kg7 50. Rg2 Kf8 51. f5 gxf5 52. gxf5 exf5 53. Kf4 Ke7 54. Kxf5 Nc5 55. Ra2 Ne4 56. Ra7+ Kf8 57. Rd7 Ng3+ 58. Kg4 Ne2 59. Kg5 Ng3 60. Rxd5 Ke7 61. Kg4 Ne2 62. Kf3 Nc3 63. Rc5 Na4 64. Rb5 f6 65. exf6+ Kxf6 66. Ke3 Nc3 67. Rc5 Na4 68. Ra5 Nc3 69. Kd3 1-0

[Event "Oberliga Nord O 9899"]
[Site "Germany"]
[Date "1999.??.??"]
[Round "?"]
[White "Kimpinsky, Frank"]
[Black "Sarbok, Torsten"]
[Result "1/2-1/2"]
[WhiteElo "2255"]
[BlackElo "2265"]
[PlyCount "104"]
[EventDate "1998.10.??"]
[EventType "team"]
[EventRounds "9"]
[EventCountry "GER"]
[SourceTitle "EXT 2000"]
[Source "ChessBase"]
[SourceDate "1999.11.16"]
[SourceVersion "1"]
[SourceVersionDate "1999.11.16"]
[SourceQuality "1"]

1. e4 c5 2. Nf3 a6 3. c3 d5 4. exd5 Qxd5 5. d4 Nf6 6. Be2 e6 7. 0-0 Nc6 8. h3 Be7 9. Bg5 cxd4 10. cxd4 0-0 11. Nc3 Qd8 12. Qa4 Bd7 13. Rfd1 b5 14. Qb3 Rc8 15. Bxf6 Bxf6 16. Ne4 Be7 17. d5 Na5 18. Qd3 Nc4 19. Rab1 f5 20. Ned2 e5 21. Qc3 b4 22. Qb3 Na5 23. Qe3 Bc5 24. Qg5 Qe8 25. Nf1 Rf6 26. Qd2 Nb7 27. b3 Nd6 28. Qb2 Ne4 29. Qxe5 Bxf2+ 30. Kh2 Nc3 31. Rb2 Nxd1 32. Bxd1 Qxe5+ 33. Nxe5 Bd4 34. Re2 Bb5 35. Nc4 Rd8 36. Rd2 Bc3 37. Rd3 g5 38. Nfe3 Kg7 39. Bf3 Kg6 40. a4 Bd7 41. d6 Be6 42. Bb7 a5 43. Nd5 Rf7 44. Bc6 Kg7 45. Ndb6 h5 46. Kg1 f4 47. Nxa5 Bf5 48. Rd5 Be4 49. Rd1 Bc2 50. Rd5 Ra7 51. Nbc4 Bf6 52. Rd2 Bf5 1/2-1/2

[Event "Oberliga Nord O 9899"]
[Site "Germany"]
[Date "1998.??.??"]
[Round "?"]
[White "Baumbach, Friedrich"]
[Black "Kimpinsky, Frank"]
[Result "1-0"]
[WhiteElo "2315"]
[BlackElo "2255"]
[PlyCount "87"]
[EventDate "1998.10.??"]
[EventType "team"]
[EventRounds "9"]
[EventCountry "GER"]
[SourceTitle "EXT 2000"]
[Source "ChessBase"]
[SourceDate "1999.11.16"]
[SourceVersion "1"]
[SourceVersionDate "1999.11.16"]
[SourceQuality "1"]

1. d4 d5 2. c4 c6 3. Nf3 Nf6 4. Nc3 e6 5. e3 Nbd7 6. Qc2 a6 7. b3 b5 8. Bd3 bxc4 9. bxc4 dxc4 10. Bxc4 c5 11. 0-0 Bb7 12. dxc5 Qc7 13. Be2 Qxc5 14. Bb2 Bd6 15. Rfd1 Rc8 16. Rac1 0-0 17. Qb3 Bxf3 18. Bxf3 Rb8 19. Qc2 Ne5 20. Be2 Neg4 21. Ne4 Bxh2+ 22. Kf1 Nxe3+ 23. fxe3 Qf5+ 24. Nf2 Nd5 25. Bd4 Qg5 26. Qe4 Rb4 27. Rc4 a5 28. Rxb4 axb4 29. Bc4 Rc8 30. Bxd5 exd5 31. Qg4 Qxg4 32. Nxg4 Bg3 33. Rb1 h5 34. Ne5 Rc2 35. Rb2 Rc1+ 36. Ke2 f6 37. Nd3 Rg1 38. Kf3 h4 39. Nxb4 Rf1+ 40. Kg4 Kf7 41. Nxd5 Ke6 42. Nf4+ Bxf4 43. exf4 Kd5 44. Bf2 1-0

[Event "Oberliga Nord O 9798"]
[Site "Germany"]
[Date "1998.??.??"]
[Round "?"]
[White "Kimpinsky, Frank"]
[Black "Dimitrijeski, Boris"]
[Result "1/2-1/2"]
[WhiteElo "2270"]
[BlackElo "2205"]
[PlyCount "21"]
[EventDate "1997.10.??"]
[EventType "team"]
[EventRounds "9"]
[EventCountry "GER"]
[SourceTitle "EXT 1999"]
[Source "ChessBase"]
[SourceDate "1998.11.16"]
[SourceVersion "1"]
[SourceVersionDate "1998.11.16"]
[SourceQuality "1"]

1. e4 c5 2. Nf3 Nc6 3. h3 g6 4. d4 cxd4 5. Nxd4 Bg7 6. Nf3 Nf6 7. Nc3 d6 8. Bd3 a6 9. 0-0 0-0 10. Re1 Nd7 11. Bg5 1/2-1/2

[Event "BL2-Nord 9697"]
[Site "Germany"]
[Date "1996.??.??"]
[Round "?.7"]
[White "Brustkern, Juergen"]
[Black "Kimpinsky, Frank"]
[Result "0-1"]
[WhiteElo "2205"]
[BlackElo "2270"]
[PlyCount "80"]
[EventDate "1996.10.??"]
[EventType "team-tourn"]
[EventRounds "9"]
[EventCountry "GER"]
[SourceTitle "GER-chT2"]
[Source "ChessBase"]
[SourceDate "1999.07.01"]
[SourceVersion "1"]
[SourceVersionDate "1999.07.01"]
[SourceQuality "1"]
[WhiteTeam "Koenig Tegel"]
[BlackTeam "Berlin Empor II"]
[WhiteTeamCountry "GER"]
[BlackTeamCountry "GER"]

1. e4 c5 2. Nf3 d6 3. d4 cxd4 4. Nxd4 Nf6 5. Nc3 a6 6. f4 Qc7 7. Nf3 Nbd7 8. Bd3 b5 9. a3 Bb7 10. 0-0 g6 11. Qe1 Bg7 12. Qh4 Nc5 13. f5 Nxd3 14. cxd3 gxf5 15. exf5 Qc5+ 16. Kh1 Qxf5 17. Bg5 h6 18. Bxf6 Bxf6 19. Qe1 Qxd3 20. Rd1 Bxc3 21. bxc3 Qg6 22. Nh4 Qe6 23. Qg3 Be4 24. Qg7 Rh7 25. Qd4 Rc8 26. Rde1 Rc4 27. Qa7 Qd7 28. Qb8+ Qd8 29. Qa7 Qa8 30. Qe3 Rg7 31. Rf3 Rg5 32. Nf5 Rg6 33. Nd4 d5 34. Rg3 Qc8 35. Rxg6 fxg6 36. Qxh6 Qg4 37. Rg1 Rxc3 38. Qh8+ Kd7 39. Ne2 Rh3 40. Qe5 Qxe2 0-1